000 00488nmm a2200157Ia 4500
008 251105s9999||||xx |||||||||||||||||und||
020 _a9789562845953
041 _aspa
100 _aPrograma de Estudios Europeos
245 0 _aExperiencias europeas : ¿un modelo a seguir?
264 _a[Santiago de Chile, Chile] :
_bRil editores,
_c2008
300 _a260 páginas
650 _aPolitical Science (General)
856 _uhttps://public.digitaliapublishing.com/a/29730
942 _cCF
999 _c94410
_d94410